Honneurs du football français - Statistiques

Statistiques générales
  • Ce quiz a été pris 2 396 fois
    2 047 depuis la dernière actualisation
  • Le résultat moyen est 18 sur 27
Statistiques - réponses
Réponse % Correct
Paris Saint-Germain
99%
Olympique de Marseille
97%
Olympique lyonnais
95%
LOSC Lille
94%
FC Nantes
87%
Girondins de Bordeaux
87%
AS Monaco
86%
AS Saint-Étienne
85%
Stade rennais FC
85%
Toulouse
85%
Montpellier HSC
81%
OGC Nice
80%
RC Lens
79%
RC Strasbourg Alsace
74%
Stade de Reims
66%
AJ Auxerre
58%
FC Metz
55%
FC Lorient
50%
FC Sochaux-Montbéliard
50%
EA Guingamp
48%
AS Nancy-Lorraine
43%
Le Havre AC
39%
SC Bastia
38%
CS Sedan Ardennes
26%
Red Star FC
26%
FC Sète 34
24%
Stade lavallois
13%
Aucun quiz correspondant
Distribution des résultats
% des personnes avec chaque résultat
Percentile par nombre de réponses
Votre historique - résultats
Vous n’avez pas pris ce quiz depuis la dernière actualisation